Most Common Slovenian Names - Women - Statistics

General Stats
  • This quiz has been taken 140 times
  • The average score is 24 of 100
Answer Stats
Hint Answer % Correct
22566 Ana
82%
44645 Marija
70%
9458 Eva
64%
13732 Maja
61%
4770 Lana
55%
8739 Anja
52%
8037 Nika
52%
10596 Nina
52%
8621 Katja
48%
6193 Ema
45%
4117 Hana
42%
5858 Ivana
42%
6165 Lara
42%
9067 Petra
42%
9003 Sara
42%
7830 Tina
42%
4273 Kaja
39%
2860 Laura
39%
6886 Špela
39%
6638 Tjaša
39%
5483 Zala
39%
3873 Jana
36%
7602 Katarina
36%
3310 Manca
36%
11199 Mojca
36%
5679 Neža
36%
7321 Urška
36%
9190 Andreja
33%
8712 Jožica
33%
4310 Klara
33%
3840 Lea
33%
2859 Teja
33%
7569 Alenka
30%
4542 Marta
30%
5268 Maša
30%
3124 Mia
30%
7800 Tanja
30%
3539 Ajda
27%
3952 Lucija
27%
10043 Nataša
27%
4239 Aleksandra
24%
3187 Saša
24%
7598 Vesna
24%
4381 Vida
24%
4034 Julija
21%
5545 Kristina
21%
5148 Lidija
21%
3225 Marjana
21%
10265 Mateja
21%
3734 Metka
21%
3694 Monika
21%
4111 Veronika
21%
4269 Ivanka
18%
4890 Janja
18%
5128 Marjeta
18%
7223 Martina
18%
7727 Tatjana
18%
5943 Anica
15%
9112 Barbara
15%
5176 Danica
15%
3543 Jasmina
15%
4379 Karmen
15%
7391 Milena
15%
5710 Simona
15%
3396 Tamara
15%
2882 Zoja
15%
2871 Bojana
12%
5858 Helena
12%
11680 Irena
12%
2937 Klavdija
12%
7046 Majda
12%
3618 Natalija
12%
4996 Olga
12%
7611 Sonja
12%
4072 Anita
9%
3395 Cvetka
9%
2885 Elizabeta
9%
2757 Jasna
9%
6230 Jožefa
9%
3322 Nevenka
9%
5434 Suzana
9%
5182 Zdenka
9%
2981 Alojzija
6%
3887 Antonija
6%
3236 Branka
6%
4117 Darinka
6%
5777 Dragica
6%
3260 Renata
6%
5005 Sabina
6%
3134 Slavica
6%
3098 Stanislava
6%
3768 Angela
3%
4898 Frančiška
3%
3203 Ljudmila
3%
5689 Nada
3%
4183 Silva
3%
4690 Terezija
3%
3826 Brigita
0%
6003 Darja
0%
2781 Valentina
0%
No matching quizzes found
Score Distribution
Percent of People with Each Score
Percentile by Number Answered
Your Score History
You have not taken this quiz